| 000 | 00588nam a22001697a 4500 | ||
|---|---|---|---|
| 003 | NUST | ||
| 038 | _aNusrat Nadeem | ||
| 082 | _a200 | ||
| 100 |
_aHafeez, Bushra _9120366 |
||
| 245 |
_aRobust Indirect Vector Control of Induction Motor Fed by Voltage Source Inverter for Multi-Source Electric Vehicle/ _cBushra Hafeez, |
||
| 264 |
_aIslamabad, _bSEECS NUST, _c2023. |
||
| 300 |
_aill: _b54,p: _c30,cm. |
||
| 650 |
_aMS-Electrical Engineering _923567 |
||
| 700 |
_aSupervisor: Dr. Kamran Zeb _998759 |
||
| 856 | _uhttp://10.250.8.41:8080/xmlui/handle/123456789/41385 | ||
| 942 |
_2ddc _cSC |
||
| 999 |
_c607704 _d607704 |
||